00417cam a22001337a 4500008004000000082001400040100002200054245008400076260002400160300001000184650003700194650002200231650003000253180718b1998 xxu||||| |||| 00| 0 eng d aB2x54 W28 aWaslekar, Sundeep aDharma rajya: path-breaking reforms for India's governancecby Sundeep Waslekar aDelhibKonarkc1998 a208p. aIndia - Politics and government. aDemocracy - India aPolitical science - India